000 00268nam a22001217a 4500
008 170504b xxu||||| |||| 00| 0 eng d
041 _aeng
080 _a34
100 _a14
101 _aSHJ
245 _aMODERN LAW OF CONSTRACTS
_cHUNTER,H.O
942 _2udc
_cBK
999 _c12719
_d12719